Izmernenije effektivnosti novoj techniky

Gespeichert in:
Bibliographische Detailangaben
1. Verfasser: Bažal, Jurij Nikolajevič
Format: Buch
Sprache:Russisch
Veröffentlicht: Kijev Naukova dumka 1983
Tags: Tag hinzufügen
Keine Tags, Fügen Sie das erste Tag hinzu!

MARC

LEADER 00000nam a2200000 4500
001 c116748
005 20041019155205.5
041 0 |a rus 
044 |a UA 
245 1 0 |a Izmernenije effektivnosti novoj techniky  |c Jurij Nikolajevič Bažal 
264 1 |a Kijev  |b Naukova dumka  |c 1983 
300 |a 103 s. 
100 1 |a Bažal, Jurij Nikolajevič